Psicoanálisis del comercial de televisión : 26,000 minutos de influencia.
| Main Authors: | , |
|---|---|
| Format: | Section = Libro |
| Language: | Undetermined Spanish |
| Published: |
España
Hispano Europea
1970
|
| Subjects: |
| LEADER | 00512nam a2200181Ia 4500 | ||
|---|---|---|---|
| 008 | 240830s9999 xx 000 0 und d | ||
| 040 | |a B-ESTELÍ- RUACS / 659.143 V437 | ||
| 041 | |a spa | ||
| 082 | |a 659.143 V437 | ||
| 100 | 1 | |a Velilla, Martin | |
| 100 | 1 | |b Garriega, Jorge | |
| 245 | 1 | 0 | |a Psicoanálisis del comercial de televisión : 26,000 minutos de influencia. |
| 260 | |a España |b Hispano Europea |c 1970 | ||
| 300 | |a 368 p. | ||
| 650 | 7 | |a COMERCIAL-INFLUENCIA | |
| 942 | |c BK |2 ddc | ||
| 991 | |a TEXTO | ||
| 999 | |c 11518 | ||